MARC

LEADER 00000nas a2200000 a 4500
001 ssj0000440691
003 WaSeSS
005 20200512172242.0
006 m d
007 cr n
008 100811d20112017njuqx p s 0 a0eng
010 |a  2010200338 
016 7 |a 015756846  |2 Uk 
022 |y 2156-843X 
032 |a 012972  |b USPS 
035 |a (WaSeSS)ssj0000440691 
037 |b Information Today, Inc., 143 Old Marlton Pike, Medford, NJ 08055 
040 |a DLC  |b eng  |c DLC  |d DLC  |d OCLCQ  |d UMC  |d DLC  |d OCLCO  |d UKMGB  |d OCLCF  |d OCLCO  |d XFH  |d GILDS  |d OCLCO  |d GUA  |d OCL  |d ZQP  |d OCLCO  |d WaSeSS 
042 |a pcc  |a nsdp 
043 |a n-us--- 
050 0 0 |a LB1028.3  |b .M86 
082 1 0 |a 371.3/078/05  |2 20 
222 0 |a Internet @ schools 
245 0 0 |a Internet @ schools  |h [electronic resource]. 
246 1 7 |a Internet@schools 
246 3 |a Internet at schools 
260 |a Medford, NJ :  |b Information Today, Inc.,  |c c2011- 
310 |a Five times a year 
362 1 |a Began with vol. 18, no. 1 (Jan./Feb. 2011); ceased with v. 24, no. 5 (Nov./Dec. 2017). 
506 |a License restrictions may limit access. 
588 |a Description based on: Vol. 18, no. 1 (Jan./Feb. 2011); title from cover. 
588 |a Latest issue consulted: Vol. 24, no. 5 (Nov./Dec. 2017). 
650 0 |a Educational technology  |z United States  |v Periodicals. 
650 0 |a Internet in education  |z United States  |v Periodicals. 
650 0 |a Education  |z United States  |x Computer network resources  |x Periodicals. 
650 0 |a Computer-assisted instruction  |z United States  |v Periodicals. 
650 0 |a Media programs (Education)  |z United States  |v Periodicals. 
650 7 |a Educational technology.  |2 fast  |0 (OCoLC)fst00903623 
650 7 |a Computer-assisted instruction.  |2 fast  |0 (OCoLC)fst00872725 
650 7 |a Internet in education.  |2 fast  |0 (OCoLC)fst00977246 
650 7 |a Media programs (Education)  |2 fast  |0 (OCoLC)fst01013580 
651 7 |a United States.  |2 fast  |0 (OCoLC)fst01204155 
655 0 |a Electronic journals. 
780 0 0 |t MultiMedia & internet@schools  |x 1546-4636  |w (DLC) 2003215482  |w (OCoLC)53008037 
785 0 4 |t Computers in libraries  |g Jan./Feb. 2018  |x 1041-7915  |w (DLC) 89641907  |w (OCoLC)18848244 
850 |a DLC 
856 4 0 |z Full text available from Research Library: 01/01/2011 to present  |u https://search.proquest.com/publication/29385